Veľmoci rozhodujú o sýpkach
Vysoká sledovanosť trhu s obilninami vo svetovom agrárnom obchode. Analýza situácie v úrodách, zásobách, spotrebe, ponukách na svetový trh a prognózy budúcich období u hlavných producentov s obilím. Predpoklady vývoja na svetovom trhu.
Enregistré dans:
| Auteur principal: | |
|---|---|
| Format: | Chapitre de livre |
| Langue: | slovaque |
| Sujets: | |
| Tags: |
Pas de tags, Soyez le premier à ajouter un tag!
|
MARC
| LEADER | 00000naa a2200000 4500 | ||
|---|---|---|---|
| 001 | r027182 | ||
| 005 | 20230824091341.3 | ||
| 041 | 0 | |a slo | |
| 044 | |a SK | ||
| 245 | 1 | 0 | |a Veľmoci rozhodujú o sýpkach |c S. Nádašský |
| 520 | |a Vysoká sledovanosť trhu s obilninami vo svetovom agrárnom obchode. Analýza situácie v úrodách, zásobách, spotrebe, ponukách na svetový trh a prognózy budúcich období u hlavných producentov s obilím. Predpoklady vývoja na svetovom trhu. | ||
| 610 | 2 | 0 | |a trh svetový |
| 610 | 2 | 0 | |a Európa |
| 610 | 2 | 0 | |a 1995-1998 |
| 610 | 2 | 0 | |a obilniny |
| 610 | 2 | 0 | |a obchod svetový |
| 100 | 1 | |a Nádašský, S. | |